| 000 | 01011nam a22002777a 4500 | ||
|---|---|---|---|
| 999 |
_c20556 _d20556 |
||
| 005 | 20191106063521.0 | ||
| 008 | 191106b xxu||||| |||| 00| 0 spa d | ||
| 020 | _a9783944280998 | ||
| 040 |
_aCO-BoIAVH _cCO-BoIAVH |
||
| 041 | _aeng | ||
| 044 | _agx | ||
| 082 |
_a333.95153 _bL64m |
||
| 100 | _aLiniger, Hanspeter | ||
| 245 | _aMaking sense of research for sustainable land management. | ||
| 260 |
_aLeipzig: _bCentre for Development and Environment(CDE), _bUniversity of Bern, _bSwitzerland and Helmholtz - Centre for Environmental Research GmbH - UFZ _c2017. |
||
| 300 |
_a304 Páginas: _bfotografías, tablas, gráficos y mapas, _c30 x 21 cm. |
||
| 650 | 0 | _aGestión sostenible | |
| 650 | 0 | _aCambio climático | |
| 650 | 0 | _aBiodiversidad | |
| 650 | 0 | _aConservación de ecosistemas | |
| 650 | 0 | _aInvestigación ambiental | |
| 700 | _aMekdaschi Studer, Rima | ||
| 700 | _aMoll, Peter | ||
| 700 | _aZander, Ute | ||
| 942 |
_2ddc _cLIBRO |
||